书目信息 |
| 题名: |
煤炭资源综合利用手册
|
|
| 作者: | 赵跃民 主编 | |
| 分册: | ||
| 出版信息: | 北京 科学出版社 2004.03 |
|
| 页数: | 962页 | |
| 开本: | 26cm | |
| 丛书名: | ||
| 单 册: | ||
| 中图分类: | TD82-62 | |
| 科图分类: | ||
| 主题词: | 煤炭资源--综合利用--手册 , 煤炭资源 , 综合利用 | |
| 电子资源: | ||
| ISBN: | 7-03-012581-9 | |
| 000 | 00662nam0 2200229 45 | |
| 001 | 012004000000 | |
| 005 | 20050117150948.96 | |
| 010 | @a7-03-012581-9@b精装@dCNY 150.00 | |
| 100 | @a20041110d2004 em y0chiy0121 ea | |
| 101 | 0 | @achi |
| 102 | @aCN@b110000 | |
| 105 | @aak z 000yy | |
| 200 | 1 | @a煤炭资源综合利用手册@Amei tan zi yuan zong he li yong shou ce@f赵跃民主编 |
| 210 | @a北京@c科学出版社@d2004.03 | |
| 215 | @a962页@c图, 表格@d26cm | |
| 606 | 0 | @a煤炭资源@x综合利用@j手册 |
| 606 | 0 | @a煤炭资源 |
| 606 | 0 | @a综合利用 |
| 690 | @aTD82-62@v4 | |
| 701 | 0 | @a赵跃民@Azhao yue min@4主编 |
| 801 | 0 | @aCN@bQSSK@c20050117 |
| 905 | @a10447@dTD82-62@eZ344 | |
| 煤炭资源综合利用手册/赵跃民主编.-北京:科学出版社,2004.03 |
| 962页:图, 表格;26cm |
| ISBN 7-03-012581-9(精装):CNY 150.00 |
| ● |
| 相关链接 |
|
|
|
正题名:煤炭资源综合利用手册
索取号:TD82-62/Z344
 
预约/预借
| 序号 | 登录号 | 条形码 | 馆藏地/架位号 | 状态 | 备注 |
| 1 | 438512 | 204385129 | 自科库501/ [索取号:TD82-62/Z344] | 在馆 |